000 00663nam a2200169 i 4500
001 22400
003 ES-MaACL
005 20230906152705.0
007 t|
008 021202s1882 sp ||||1| spa d
100 1 _aAlonso y Fernández, José.
_920426
245 1 0 _aPrograma de química general /
_cpor el catedrático de la misma en la Universidad de Granada [José Alonso y Fernández].
260 _aGranada :
_b[s.n.],
_c1882 (
_fImpr. y Lib. de José López Guevara)
300 _a38 p. ;
_c21 cm.
594 _aAutor tomado de anotación manuscrita en la cubierta.
852 _aES-MaACL
_jT-715-F-8
_z.- Dedicatoria manuscrita del autor a Gustavo Saenz Diez
999 _c22400
_d22400